000 00353nam a2200145Ia 4500
008 230917s9999||||xx |||||||||||||| ||und||
040 _e142121
_aMAIN
041 _aEnglish
082 _a780.5 S58S
100 _aGarg, Prabhulal
245 0 _aSangeet bhairav thath ank
260 _aHathras
_bSangeet Karyalaya
_c1955
300 _a275 p.
942 _cBK
999 _c38499
_d38499